[Event "WYCC 2018 O18"]
[Site "Halkidiki"]
[Date "2018.10.30"]
[Round "11"]
[White "Wang, Shixu B"]
[Black "Manu David Suthandram R"]
[Result "1-0"]
[WhiteElo "2330"]
[BlackElo "1970"]
[Annotator "TA"]
[PlyCount "101"]
[EventDate "2018.10.20"]
[EventType "swiss"]
[EventCountry "GRE"]
[SourceTitle "playchess.com"]
[Source "ChessBase"]
[SourceQuality "1"]

{[%evp 14,100,38,27,38,18,37,23,46,34,52,47,51,54,35,43,51,13,3,4,6,0,4,0,7,0,18,21,68,68,68,66,85,90,86,89,88,81,90,83,83,82,78,72,99,89,122,78,138,121,148,143,98,36,52,29,75,83,91,52,190,179,266,268,253,222,313,304,908,853,971,956,908,830,29991,29992,29992,29993,29993,29994,29994,29995,29996,29997,29997,29998,29998,29999,29999]} 1. d4 Nf6 2. c4 e6 3. Nc3 d5 4. cxd5 exd5 5. Bg5 Be7 6. e3 O-O 7. Bd3 Be6 8. Nf3 {LiveBook: 5 Games. D35: Queen's Gambit Declined: Exchange Variation} c5 (8... h6 9. Bh4 c5 10. dxc5 Bxc5 11. O-O Nc6 12. Rc1 Be7 13. Bb1 Rc8 14. a3 Qa5 15. Qd3 Rfd8 {½-½ (111) Vijayalakshmi,S (2384)-Adly,A (2603) Mexico City 2016}) 9. O-O cxd4 10. Nxd4 {White is slightly better.} Nc6 $146 ({Predecessor:} 10... Nbd7 11. Rc1 Nc5 12. Bc2 Rc8 13. Nf3 Ncd7 14. e4 dxe4 15. Nxe4 Nxe4 16. Bxe7 Qxe7 17. Bxe4 {0-1 (38) Borkowska,Z (1247)-Budkiewicz,L (1600) Poland 2012}) 11. Nce2 Nxd4 12. Nxd4 Qb6 13. Qf3 h6 14. Bf4 Bd6 15. h3 Bxf4 16. Qxf4 Qxb2 17. Rab1 Qa3 18. Bf5 Qe7 19. Rfc1 {Threatens to win with Rc7.} Rfc8 20. Qe5 $36 {[%cal Rd4e6][%mdl 2048] Black is under pressure.} Kf8 21. Bxe6 fxe6 22. Qxe6 Qxe6 23. Nxe6+ Kf7 24. Nc7 Rab8 25. Nb5 Rxc1+ 26. Rxc1 $16 {[%mdl 4096] Endgame KRN-KRN} Ne8 27. Kf1 a6 28. Nd4 Ke7 29. Ke2 Kd7 30. Nf5 Nd6 (30... h5 $142) 31. Nxg7 Rg8 32. Nh5 Rxg2 {next ...Ne4 is good for Black.} 33. Nf4 (33. Nf6+ $1 $16 Ke6 34. Ng4) 33... Rg5 $14 34. Kd3 b6 35. h4 Rf5 36. Rg1 Ne4 (36... d4 $1 $14) 37. Rg7+ $18 Kc6 (37... Kd6 $142 38. Kd4 h5) 38. Rg6+ $1 Rf6 {[#]} 39. h5 $1 Rd6 {[#]} (39... Kd6 {might work better.} 40. Kd4 Rxg6 41. hxg6 Nf6) 40. Kd4 $1 {[%cal Rd4e5] Black must now prevent Ke5.} Nxf2 $2 (40... Nd2 41. Nxd5 Nf3+ 42. Ke4 Ng5+ 43. Ke5 Nf3+ 44. Kf4 Kxd5) 41. Ke5 Ne4 42. Nxd5 Kc5 43. Nc3 ({Less strong is} 43. Kxe4 Rxd5 44. Rxh6 Rd2 $18) 43... Rxg6 44. Nxe4+ {White mates.} Kb4 45. hxg6 {KN-K3P} a5 46. g7 a4 47. g8=Q b5 48. Qd8 Ka3 49. Qd2 b4 50. Nd6 {[%cal Rd6c4]} b3 51. Nb5# {Precision: White = 67%, Black = 35%.} 1-0

[Event "WYCC 2018 O18"]
[Site "Halkidiki"]
[Date "2018.10.30"]
[Round "11"]
[White "Roshka, Yevgeniy"]
[Black "Fawzy, Adham"]
[Result "0-1"]
[WhiteElo "2328"]
[BlackElo "2439"]
[Annotator "TA"]
[PlyCount "112"]
[EventDate "2018.10.20"]
[EventType "swiss"]
[EventCountry "GRE"]
[SourceTitle "playchess.com"]
[Source "ChessBase"]
[SourceQuality "1"]

{[%evp 12,112,27,11,22,21,33,22,42,33,42,37,35,36,35,50,46,26,41,23,32,0,0,-25,-17,-71,-75,-41,-35,-76,-74,-200,-202,-270,-264,-269,-50,-50,-41,-112,-77,-34,-13,-127,-154,-139,-128,-195,-165,-334,-312,-311,-306,-534,-291,-375,-380,-541,-413,-404,-354,-641,-636,-606,-601,-662,-666,-613,-552,-929,-913,-876,-861,-832,-818,-733,-707,-647,-600,-667,-464,-7000,-6563,-6237,-6419,-6093,-5451,-1721,0,-4618,-1550,-29975,-29976,-29979,-29980,-29980,-29981,-29982,-29983,-29983,-29984,-29986,-29987]} 1. e4 c5 2. Nf3 Nc6 3. Bb5 g6 4. Bxc6 dxc6 5. d3 Bg7 6. h3 Nf6 7. Bd2 {LiveBook: 3 Partien. B31: Sizilianisch (Rossolimo-Variante)} (7. Nc3 O-O 8. O-O Ne8 9. Be3 b6 10. e5 f6 11. Re1 Nc7 12. Qd2 fxe5 13. Bh6 Rxf3 14. Bxg7 Kxg7 15. gxf3 Bxh3 16. Rxe5 e6 17. Rg5 {1-0 (33) Caruana,F (2827)-Gelfand,B (2703) Batumi 2018}) 7... Nd7 8. Qc1 $146 ({Vorgänger:} 8. Bc3 e5 9. Nbd2 Qc7 10. Nc4 b5 11. Ba5 Qb8 12. Ncd2 O-O 13. O-O Re8 14. Nb3 Qd6 {1-0 (66) Gonzalez Vidal,Y (2564)-Hernandez Sanchez,J (2377) Havana 2018}) 8... h6 9. a4 {Weiß steht etwas besser.} a5 10. Bc3 e5 11. Na3 O-O 12. Nc4 {[%cal Rc4e5]} Re8 13. O-O Qc7 14. b3 b6 15. Qb2 Ba6 16. Nfd2 f6 17. g3 Nf8 18. f4 (18. h4 $11 {hält das Gleichgewicht.}) 18... b5 $1 $17 {[%cal Rb5c4]} 19. axb5 cxb5 20. Bxa5 Qd7 21. Ne3 (21. fxe5 $17 Qxh3 22. exf6 Qxg3+ 23. Kh1) 21... Qxh3 $19 22. Kf2 {Schwarz muss nun f5 beachten.} exf4 23. gxf4 {[#]} f5 $2 (23... Qh4+ $1 $19 24. Ke2 Ne6) 24. Bc3 $15 {Droht Th1 und aus.} Qh4+ 25. Kg2 ({Lieber} 25. Kg1 $15 Bxc3 26. Qxc3) 25... Bxc3 26. Qxc3 {Und Tf3 würde nun gewinnen.} fxe4 27. Rxa6 (27. Nxe4 $11 {war der einzige Weg, das Gleichgewicht zu behalten.} Bb7 28. Rxa8 Bxa8 29. Qe1 Qxe1 30. Rxe1) 27... Rxa6 $17 28. Nxe4 Nd7 29. Rf3 (29. b4 $17) 29... Rae6 30. f5 $2 (30. Qa5 {war einen Versuch wert.}) 30... Rxe4 $1 $19 31. dxe4 Qxe4 {Und weiter mit ...Se5 wäre nett.} 32. Kf2 $2 (32. Kg3) 32... g5 33. Rh3 Ne5 (33... g4 {[#]} 34. Nxg4 $1 {[%mdl 512]} Qxf5+ 35. Kg1 $11 (35. Kg3 Re6 $15)) 34. Rxh6 (34. Qxc5 {war nötig.} Qf4+ 35. Kg2) 34... Qd4 ({Weniger gut wäre} 34... Qf4+ 35. Ke2 $17) 35. Qxd4 cxd4 36. Rh5 $2 (36. Ra6 dxe3+ 37. Kxe3) 36... dxe3+ 37. Kxe3 {[%mdl 4096] Endspiel KTS-KT} Nf7+ 38. Kd4 b4 39. f6 Re2 40. Kc5 Rxc2+ 41. Kxb4 Rc6 42. Rh2 Rxf6 43. Kc5 Kg7 44. b4 Kg6 45. b5 Nd8 46. b6 (46. Rg2 $142) 46... g4 47. Rh8 Nb7+ 48. Kb5 Kg7 49. Rh1 Kg6 50. Rh8 $1 Rf7 51. Kc6 Rg7 {Schwarz setzt Matt.} 52. Kd5 g3 {[%cal Bg4g3,Bg3g2][%mdl 32]} 53. Rh1 g2 54. Rg1 Kf5 55. Kc6 Kf4 56. Rxg2 Nd8+ {Precision: Weiß = 19%, Schwarz = 63%.} ({Minderwertig wäre} 56... Rxg2 57. Kxb7 Rh2 58. Kc7 $11) 0-1

[Event "WYCC 2018 O18"]
[Site "Halkidiki"]
[Date "2018.10.30"]
[Round "11"]
[White "Pantzar, Milton"]
[Black "Costachi, Mihnea"]
[Result "1-0"]
[WhiteElo "2326"]
[BlackElo "2484"]
[Annotator "TA"]
[PlyCount "131"]
[EventDate "2018.10.20"]
[EventType "swiss"]
[EventCountry "GRE"]
[SourceTitle "playchess.com"]
[Source "ChessBase"]
[SourceQuality "1"]

{[%evp 22,131,19,19,16,24,34,23,21,21,24,0,14,5,21,0,8,16,16,0,0,-10,10,-17,-18,-19,134,127,145,103,137,130,158,151,155,123,153,94,94,94,94,94,94,97,97,97,94,94,106,77,77,77,77,77,77,77,85,77,78,78,119,113,148,133,330,322,347,305,338,318,319,147,283,283,239,215,203,216,205,221,207,218,343,342,283,217,1325,1400,1207,1358,1272,1308,1277,1152,907,904,937,876,5498,4798,1722,2199,6824,6042,5973,5933,5800,5600,4622,4618,29989,29990]} 1. d4 Nf6 2. Nf3 g6 3. Nbd2 Bg7 4. e4 d6 5. Bd3 O-O 6. O-O Nc6 7. c3 e5 8. dxe5 Nxe5 9. Nxe5 dxe5 10. Nc4 Nh5 11. g3 {B07: Pirc Defence: Miscellaneous Systems} Bh3 (11... Qe7 12. Qe2 Rd8 13. Rd1 Be6 14. Be3 Bf6 15. Na5 c6 16. b4 Ng7 17. Rd2 Qc7 18. Rad1 b6 {½-½ (45) Xiong,J (2650)-Arribas Lopez,A (2460) Irving 2018}) 12. Re1 {LiveBook: 3 Games} Qe7 13. Bf1 {The position is equal.} Be6 14. Qe2 $146 ({Predecessor:} 14. Be3 Rfd8 15. Qe2 b6 16. a4 Rd7 17. Red1 Rad8 18. Rxd7 Qxd7 {½-½ (39) Perelshteyn,E (2461)-Christiansen,L (2544) New York 2003}) 14... Rfd8 15. Na5 c6 16. Be3 Nf6 17. f3 Qc7 18. b4 {[#]} c5 $1 {[%mdl 512]} 19. Nc4 (19. bxc5 Qxa5) 19... Nd7 20. Red1 Bf8 21. a3 Rac8 22. Rac1 b5 23. Nb2 Qb7 $2 ({Better is} 23... Rb8 $11) 24. Qxb5 $16 Qc7 25. Qe2 Nb6 26. Rxd8 Rxd8 27. Qf2 Nd7 28. Na4 a5 {[#]} 29. Nxc5 (29. Nb2 $142 $1) 29... Nxc5 30. Bxc5 Bxc5 31. Qxc5 Qxc5+ 32. bxc5 {[%mdl 4096] Endgame KRB-KRB} Rc8 33. Kf2 Rxc5 34. Ke3 Rc8 35. Bb5 Kf8 36. c4 Rc5 37. Kd3 Ke7 38. Kc3 Kd6 39. Rd1+ Ke7 40. Rd2 f5 41. exf5 gxf5 42. f4 exf4 $2 (42... h5 $16 43. a4 e4) 43. gxf4 $18 Rc8 44. Rd3 h5 45. Rh3 Bf7 46. Kd4 (46. Re3+ $18 {has better winning chances.} Kf6 47. Re5) 46... Kf6 (46... Rd8+ $16 47. Kc5 Rc8+ 48. Bc6 Bxc4) 47. Rc3 Be6 48. c5 {c6 is the strong threat.} Rd8+ 49. Ke3 Ke7 50. Ba6 Ra8 51. Bb7 Rg8 (51... Rb8 $142) 52. c6 Bd5 53. Ba6 Rg2 $2 (53... Be6 54. Kd4 Kd6) 54. c7 Be6 55. c8=Q Bxc8 56. Bxc8 Rxh2 57. Bxf5 {KRB-KR} h4 58. Kf3 Kf6 59. Bg4 Ra2 60. Bh3 Rb2 61. Kg4 a4 62. Rc6+ Ke7 63. Ra6 Rb3 64. Rxa4 Rg3+ 65. Kxh4 Rxh3+ 66. Kxh3 {Precision: White = 66%, Black = 42%.} 1-0

[Event "WYCC 2018 O18"]
[Site "Halkidiki"]
[Date "2018.10.30"]
[Round "11"]
[White "Szabo, Marton Mihaly"]
[Black "Pultinevicius, Paulius"]
[Result "1/2-1/2"]
[WhiteElo "2307"]
[BlackElo "2465"]
[Annotator "TA"]
[PlyCount "49"]
[EventDate "2018.10.20"]
[EventType "swiss"]
[EventCountry "GRE"]
[SourceTitle "playchess.com"]
[Source "ChessBase"]
[SourceQuality "1"]

{[%evp 24,49,0,0,0,1,1,0,1,1,5,0,0,-25,0,0,0,-25,-20,-53,0,0,0,0,0,0,0,0]} 1. e4 c5 2. Nf3 g6 3. d4 cxd4 4. Qxd4 Nf6 5. Nc3 Nc6 6. Qa4 d6 7. e5 dxe5 8. Nxe5 Bd7 {B27: Sicilian: 2 Nf3, unusual Black 2nd moves} (8... Bg7 9. Nxc6 bxc6 10. Ba6 O-O 11. Bxc8 Qxc8 12. O-O Nd5 13. Ne4 Nb6 14. Qb3 Qf5 15. Re1 Rfd8 16. c3 Rd7 17. Be3 Qxe4 18. Bxb6 Qd5 19. Be3 {½-½ (19) Jovanovic,Z (2540)-Sebenik,M (2570) Biograd 2018}) 9. Nxd7 Nxd7 10. Bb5 Bg7 11. O-O O-O 12. Bxc6 bxc6 13. Qxc6 {LiveBook: 5 Games. Black should prevent Rd1.} Rc8 14. Qa4 Bxc3 15. bxc3 Qc7 16. Be3 Nb6 $146 17. Bxb6 axb6 18. Rae1 Qxc3 19. Rxe7 Qxc2 20. Qxc2 (20. Qb5 {keeps more tension.} Qxa2 21. Qxb6 Rfe8 22. Rxe8+ Rxe8 23. g3) 20... Rxc2 $11 {KRR-KRR} 21. Rb7 Ra8 (21... Rb2 $1 $15) 22. Rxb6 {The position is equal.} Raxa2 23. g3 Kg7 24. Kg2 h5 25. h4 1/2-1/2

[Event "WYCC 2018 O18"]
[Site "Halkidiki"]
[Date "2018.10.30"]
[Round "11"]
[White "Carnicelli, Valerio"]
[Black "Alexakis, Dimitris"]
[Result "0-1"]
[WhiteElo "2299"]
[BlackElo "2186"]
[Annotator "TA"]
[PlyCount "96"]
[EventDate "2018.10.20"]
[EventType "swiss"]
[EventCountry "GRE"]
[SourceTitle "playchess.com"]
[Source "ChessBase"]
[SourceQuality "1"]

{[%evp 12,96,44,10,26,16,39,0,0,0,38,42,91,104,98,83,92,74,66,41,71,-37,-17,-83,-68,-77,-81,-103,-75,-71,-20,-20,-28,-20,-28,-21,-39,-34,-18,-33,-19,-38,-22,-27,-25,-39,-28,-25,-26,-84,-66,-75,-77,-79,-92,-83,-72,-89,-68,-96,0,-26,-16,-10,-11,-17,-9,-200,-11,-25,-23,-14,-15,-72,-66,-160,-50,-74,-17,-17,-17,-12837,-10743,-12844,-12844,-12845,-12845]} 1. e4 c5 2. Nf3 Nc6 3. d4 cxd4 4. Nxd4 Nf6 5. Nc3 d6 6. Bc4 Bd7 7. f3 {LiveBook: 9 Games} Rc8 {B57: Classical Sicilian: Sozin with 6...Qb6} (7... Nxd4 8. Qxd4 g6 9. Bg5 Bg7 10. O-O-O Rc8 11. Bb3 Qa5 12. Nd5 Nh5 13. Qe3 f6 14. Bh6 Qc5 15. g4 {1-0 (42) Ivanchuk,V (2708)-Jovanovic,Z (2551) Mali Losinj 2018}) 8. Bb3 a6 9. Be3 Na5 {The position is equal.} 10. Qd2 e6 11. O-O-O Nc4 12. Bxc4 $1 Rxc4 13. g4 {[%cal Bg2g4,Bg4g5][%mdl 32]} b5 {[%cal Bb7b5,Bb5b4][%mdl 32]} 14. g5 $146 ({Predecessor:} 14. Kb1 Be7 15. h4 Qb8 16. h5 h6 {½-½ (53) Milosavljevic,I (2087)-Dimitrijevic,S (2258) Kragujevac 2015}) 14... Nh5 15. f4 g6 16. f5 (16. a3 $16) 16... b4 $1 $15 {[%cal Rb4c3]} 17. fxe6 (17. Nce2 $11) 17... fxe6 $17 18. Nce2 e5 19. Qd3 Qc7 20. b3 Rc5 ({Don't play} 20... Rxd4 $6 21. Nxd4 exd4 22. Qxd4 $14) (20... exd4 $17 21. Bxd4 Rxd4 $1 {[%mdl 512]} 22. Qxd4 Bg7 23. Qxd6 Qxd6 24. Rxd6 Bg4) 21. Nf3 $11 Bb5 22. Qd2 Rxc2+ 23. Qxc2 Qxc2+ 24. Kxc2 Bxe2 25. Nd2 $1 Bxd1+ 26. Rxd1 {White wants to play Nc4.} h6 27. Nc4 Nf4 28. Nxd6+ Bxd6 29. Rxd6 hxg5 {[%mdl 4096] Endgame KRB-KRN} 30. Rd2 (30. Bg1 $11) 30... Rh3 31. Bb6 Kf7 32. Ba5 Re3 33. Bxb4 Rxe4 34. Bc5 g4 35. b4 {[#]} a5 (35... Ke6 $1 $17) 36. a3 ({Much worse is} 36. Rd7+ Ke6 $17) 36... axb4 37. axb4 Ke6 38. Rd6+ Kf5 {next ...Ne6 is good for Black.} 39. Kb3 $2 (39. Rd2 $11) 39... Ne6 $2 (39... Re2 $19 40. b5 Rxh2) 40. Rd2 Re1 41. Bf2 Rh1 42. Be3 (42. Bb6 $11) 42... Ke4 $17 43. Ba7 (43. Bc5 $15) 43... Ra1 ({Black should play} 43... Nd4+ $17 44. Bxd4 exd4) 44. Bf2 Nd4+ ({Better is} 44... Rb1+ $17 45. Kc3 Rc1+ 46. Rc2 Rxc2+ 47. Kxc2 Nc7) 45. Bxd4 $1 $11 exd4 {[%cal Be5d4,Bd4d3][%mdl 32]} 46. b5 $2 {[%mdl 8192] [#]} (46. Rg2 $11) 46... g3 $1 $19 {[%mdl 512] Black is clearly winning.} 47. hxg3 d3 48. b6 {[#]} Ra6 $1 {Precision: White = 31%, Black = 50%.} ({Not} 48... Ke3 49. b7 $11) 0-1

[Event "WYCC 2018 O18"]
[Site "Halkidiki"]
[Date "2018.10.30"]
[Round "11"]
[White "Kouskoutis, Georgios-Alexandros"]
[Black "Muha, Miljenko"]
[Result "0-1"]
[WhiteElo "2296"]
[BlackElo "2365"]
[Annotator "TA"]
[PlyCount "92"]
[EventDate "2018.10.20"]
[EventType "swiss"]
[EventCountry "GRE"]
[SourceTitle "playchess.com"]
[Source "ChessBase"]
[SourceQuality "1"]

{[%evp 27,92,8,19,28,16,12,10,0,0,0,1,3,8,2,0,7,0,0,7,12,7,0,7,0,2,-3,0,0,0,0,0,-204,-211,-222,-212,-212,-222,-222,-222,-276,-276,-348,-258,-430,-250,-552,-546,-527,-498,-456,-456,-5722,-3051,-2032,-1133,-12829,-6552,-6552,-2440,-2421,-2075,-1482,-1382,-12837,-12838,-12837,-12832]} 1. e4 e5 2. Nf3 Nc6 3. d4 exd4 4. Nxd4 Nf6 5. Nc3 Bb4 6. Nxc6 bxc6 7. Bd3 d5 8. exd5 cxd5 9. O-O O-O 10. h3 {C47: Scotch Four Knights and Four Knights with 4 g3} h6 (10... c6 11. Qf3 Bd6 12. Bf4 Be6 13. Rfe1 Bxf4 14. Qxf4 Qb8 15. Qxb8 Raxb8 16. Na4 Nd7 17. b3 c5 {½-½ (35) Nakamura,H (2777)-So,W (2780) Saint Louis 2018}) 11. Qf3 c6 12. Bf4 Bd6 13. Rad1 Rb8 14. b3 Rb4 {LiveBook: 3 Games} 15. Bxd6 Qxd6 16. Ne2 c5 $146 ({Predecessor:} 16... Re8 17. c4 a5 {½-½ (29) Doluhanova,E (2326)-Raghavi,N (2174) Cap d'Agde 2013}) 17. c3 Rb8 18. Rfe1 a5 19. Nf4 {next Nxd5! is good for White.} Bb7 $1 20. Nh5 Nxh5 21. Qxh5 Rfe8 22. Bb5 Re6 (22... Rxe1+ {is interesting.} 23. Rxe1 Bc6 24. c4 Bxb5 25. cxb5 c4) 23. Rxe6 Qxe6 24. Qe2 Ba8 25. Bd3 Bc6 26. Re1 Re8 27. Qxe6 Rxe6 $11 {[%mdl 4096] Endgame KRB-KRB} 28. Kf1 Kf8 29. Bf5 $2 {[#]} (29. h4 $11 {and White stays safe.}) 29... Bb5+ $1 $19 30. c4 Rxe1+ 31. Kxe1 dxc4 32. bxc4 Bxc4 {KB-KB} 33. a3 Ke7 34. Kd2 Kf6 35. Bc8 $2 {[#]} (35. Bb1) 35... Ke5 (35... Bd5 $142 36. g3 Ke5) 36. Ke3 $2 (36. h4 {nothing else works.}) 36... g5 {[%cal Bg7g5,Bg5f4][%mdl 32] Black is clearly winning.} 37. Bd7 f5 38. g3 f4+ 39. gxf4+ (39. Kd2 $142 fxg3 40. fxg3) 39... gxf4+ 40. Kf3 Bb3 41. h4 Bd1+ 42. Kg2 Kd4 (42... Be2 $142 43. f3 Kd4) 43. Kf1 Bf3 44. Ke1 Kc3 45. Bb5 c4 46. Ba6 Bd5 {Precision: White = 45%, Black = 79%.} 0-1

[Event "WYCC 2018 O18"]
[Site "Halkidiki"]
[Date "2018.10.30"]
[Round "11"]
[White "Martinez Fernandez, Adrian"]
[Black "Pobor, Danilo"]
[Result "0-1"]
[WhiteElo "2277"]
[BlackElo "1934"]
[Annotator "NA"]
[PlyCount "96"]
[EventDate "2018.10.20"]
[EventType "swiss"]
[EventCountry "GRE"]
[SourceTitle "playchess.com"]
[Source "ChessBase"]
[SourceQuality "1"]
[TimeControl "40/5400+30:1800+30"]

1. e4 {[%emt 0:00:00]} c5 {[%emt 0:00:00]} 2. Nf3 {[%emt 0:00:00]} Nc6 {[%emt 0:00:00]} 3. d4 {[%emt 0:00:00]} cxd4 {[%emt 0:00:00]} 4. Nxd4 {[%emt 0:00:00]} Nf6 {[%emt 0:00:00]} 5. Nc3 {[%emt 0:00:00]} d6 {[%emt 0:00:00]} 6. Bc4 {[%emt 0:00:04]} e6 {[%emt 0:00:00]} 7. Be3 {[%emt 0:00:07]} a6 {[%emt 0:00:01]} 8. Bb3 {[%emt 0:02:25]} Be7 {[%emt 0:00:42]} 9. Qe2 {[%emt 0:00:08]} Qc7 {[%emt 0:00:24]} 10. O-O-O {[%emt 0:00:15]} Na5 {[%emt 0:00:05]} 11. g4 {[%emt 0:03:18]} b5 {[%emt 0:02:10] B89: Sicilian: Velimirovic Attack} 12. g5 {[%emt 0:01:23]} Nxb3+ {[%emt 0:01:35]} 13. Nxb3 {[%emt 0:08:51]} (13. axb3 $5 {[%cal Rg5f6]} Nd7 14. b4 $11) 13... Nd7 {[%emt 0:04:41]} 14. h4 {[%emt 0:16:04]} b4 {[%emt 0:16:55]} 15. Nb1 {[%emt 0:00:09]} a5 {[%emt 0:05:58]} 16. h5 $146 {[%emt 0:05:40]} (16. c4 {might work better.}) ({Predecessor:} 16. f4 Bb7 17. Bf2 O-O 18. N1d2 Rfc8 19. Nf3 a4 20. Nbd4 a3 21. b3 Qc3 22. e5 Nc5 23. Be1 Nxb3+ {0-1 (23) Rodriguez Guerrero,E (2123)-Campos Moreno,J (2484) Linares 2000}) 16... Ba6 {[%emt 0:04:18]} 17. Qe1 {[%emt 0:09:08]} Rc8 {[%emt 0:01:56]} 18. Rd2 {[%emt 0:09:13]} Ne5 {[%emt 0:02:15]} 19. Nd4 {[%emt 0:01:27]} Nd3+ {[%emt 0:00:13]} 20. Rxd3 {[%emt 0:00:13]} Bxd3 {[%emt 0:00:18]} 21. Qd2 {[%emt 0:01:11]} Bxe4 {[%emt 0:01:22]} 22. f3 {[%emt 0:00:06]} Bd5 {[%emt 0:01:36]} 23. Rg1 {[%emt 0:00:17]} a4 {[%emt 0:06:19]} 24. Qxb4 {[%emt 0:02:21]} O-O {[%emt 0:03:27]} 25. Nc3 {[%emt 0:01:52]} Rb8 {[%emt 0:01:25]} 26. Nxd5 {[%emt 0:00:31]} exd5 {[%emt 0:00:48]} 27. Qxa4 {[%emt 0:03:33]} Rfc8 {[%emt 0:01:55]} 28. Nf5 {[%emt 0:07:33]} Rb4 {[%emt 0:04:21]} 29. Nxe7+ {[%emt 0:00:17]} Qxe7 {[%emt 0:00:09]} 30. Qa3 {[%emt 0:02:06]} Rbc4 {[%emt 0:01:06]} 31. Kb1 {[%emt 0:02:12]} d4 {[%emt 0:00:59]} 32. Bc1 {[%emt 0:05:11]} Rxc2 {[%emt 0:02:59]} 33. Qd3 {[%emt 0:00:02]} Qc7 {[%emt 0:00:30]} 34. Bf4 {[%emt 0:00:25] [#]} Qb6 $1 {[%emt 0:00:24]} 35. Bc1 {[%emt 0:03:59]} d5 {[%emt 0:17:04]} 36. Re1 {[%emt 0:02:37]} Rh2 {[%emt 0:07:11]} 37. Bd2 {[%emt 0:07:57]} Rb8 {[%emt 0:01:46]} 38. b3 {[%emt 0:01:08]} Rxh5 {[%emt 0:01:06]} 39. f4 {[%emt 0:00:25]} Ra8 {[%emt 0:05:57]} 40. Qf3 {[%emt 0:00:00]} Rh2 {[%emt 0:00:00]} 41. Qxd5 {[%emt 0:03:06]} Qa7 {[%emt 0:02:49]} 42. Ba5 {[%emt 0:04:59]} Qa6 {[%emt 0:04:23]} 43. Qe4 {[%emt 0:04:37]} g6 {[%emt 0:02:24]} 44. b4 {[%emt 0:00:11]} Rb8 {[%emt 0:00:22]} 45. f5 {[%emt 0:22:43]} gxf5 {[%emt 0:04:20]} 46. Qxd4 {[%emt 0:04:13]} Qxa5 {[%emt 0:01:53]} 47. Re8+ {[%emt 0:00:51]} Rxe8 {[%emt 0:00:12]} 48. bxa5 {[%emt 0:00:04]} Re1+ {[%emt 0:00:22]} 0-1

[Event "WYCC 2018 O18"]
[Site "Halkidiki"]
[Date "2018.10.30"]
[Round "11"]
[White "Le, Minh Hoang"]
[Black "Bronstein, Or"]
[Result "1/2-1/2"]
[WhiteElo "2271"]
[BlackElo "2385"]
[Annotator "TA"]
[PlyCount "153"]
[EventDate "2018.10.20"]
[EventType "swiss"]
[EventCountry "GRE"]
[SourceTitle "playchess.com"]
[Source "ChessBase"]
[SourceQuality "1"]

{[%evp 18,153,0,-4,18,10,12,-1,33,29,52,18,38,37,22,27,73,-18,0,0,0,16,17,10,51,36,117,-6,0,0,0,-14,0,0,0,-6,-20,-49,-25,-233,-237,-232,-235,-314,-293,-285,-160,-158,-143,-149,-156,-146,-145,-150,0,-130,0,-149,-150,-140,-147,-167,-160,-157,-126,-121,-112,-112,-110,-113,-110,-105,0,-151,-79,-79,-79,-75,-75,-78,-78,-78,-78,-78,-78,-83,-80,-84,-74,-70,-37,-52,-31,-37,-37,-45,-31,-38,-31,-32,-33,-42,-10,-11,-11,-11,-11,-11,-11,-11,-11,-11,-12,-12,0,-8,0,0,0,0,0,0,0,0,0,0,0,0,0,0,8,0,0,0,8,8,8,8]} 1. Nf3 c5 2. c3 Nf6 3. d4 e6 4. Bf4 Nc6 5. e3 d5 6. Nbd2 Bd6 7. Bg3 Be7 {D02: 1 d4 d5 2 Nf3 sidelines, including 2...Nf6 3 g3 and 2...Nf6 3 Bf4} (7... O-O 8. Bd3 b6 9. Qe2 Bb7 10. Rd1 Re8 11. e4 Be7 12. e5 Nh5 13. h4 Nxg3 14. fxg3 Rf8 15. Bxh7+ Kxh7 16. Ng5+ Kh6 17. Qd3 g6 18. h5 Kg7 19. Nxe6+ fxe6 20. Qxg6+ Kh8 21. Qh6+ Kg8 22. Qg6+ Kh8 23. Qh6+ {½-½ (23) Esipenko,A (2609)-Alekseenko,K (2639) Sochi 2018}) 8. Ne5 $146 ({Predecessor:} 8. Bd3 Bd7 9. O-O Nh5 10. Be5 Nf6 11. Bxf6 Bxf6 12. dxc5 Qc7 13. e4 Ne5 14. Nxe5 Bxe5 15. Nf3 dxe4 16. Bxe4 Qxc5 17. Nxe5 Qxe5 {1-0 (28) Bussard,C (2177)-Aden,M (1970) Verden 2016}) 8... Nxe5 9. Bxe5 O-O 10. Bd3 {LiveBook: 5 Games} Qb6 11. Rb1 Bd7 12. Qe2 Ne8 (12... c4 $5 13. Bc2 $8 Qa6 $11) 13. O-O Bd6 14. Bxd6 (14. c4 {looks sharper.} Bxe5 15. dxe5 Qc7 16. f4 Rd8 17. Nf3) 14... Nxd6 15. dxc5 Qxc5 16. e4 e5 17. Nb3 ({Better is} 17. exd5 $16 Qxd5 18. c4) 17... Qb6 ({Inferior is} 17... Qc6 18. exd5 Qxd5 19. Rbd1 $16) 18. Rfd1 dxe4 19. Bxe4 Nxe4 20. Rxd7 f5 21. Rbd1 Rac8 {[#]} (21... Rae8 $14) 22. Kf1 ({White should play} 22. Re7 $1 $16) 22... Rfe8 23. Qe3 Qa6+ 24. Qd3 Qb6 {[%csl Ge4][%cal Rb6f2]} 25. Qe3 Qa6+ 26. Qd3 $132 {[%mdl 2048] White has counterplay} Qxa2 27. Qd5+ Kh8 28. Qf7 $2 (28. Nd2 $1 $11 Qxd5 29. Rxd5) 28... Rg8 $19 29. Qxf5 {Strongly threatening Rxg7!} Nf6 30. Qc2 {[#]} Qa6+ $1 ({Worse is} 30... Nxd7 31. Ra1 $11) 31. Qe2 Qxe2+ ({Resist} 31... Nxd7 32. Qxa6 bxa6 33. Rxd7 $17) (31... Qb6 $19 32. Nc1 Nxd7 33. Rxd7 Rcd8 34. Rxd8 Rxd8) 32. Kxe2 $17 Nxd7 33. Rxd7 $19 {[%mdl 4096] Endgame KRR-KRN} Rgd8 34. Re7 Re8 35. Rd7 Red8 36. Re7 $1 Re8 37. Rd7 $1 Kg8 38. Nd2 Rb8 39. Ne4 Red8 40. Re7 Rd5 41. b4 a5 42. bxa5 Rxa5 43. h4 Kf8 44. Rc7 Kg8 (44... b6 $17 45. g3 Raa8) 45. Ke3 $2 (45. Re7 $11) 45... Ra6 (45... b5 $142 46. Rc5 Ra3) 46. Re7 $17 Kf8 47. Rxe5 Re8 48. Rb5 Re7 49. f3 Ke8 50. g4 Kd8 51. Rh5 Ra3 52. Kf4 Rf7+ 53. Ke3 g6 54. Rd5+ Kc7 55. h5 Ra1 56. Kf2 Ra2+ 57. Ke3 Rh2 58. hxg6 hxg6 59. Rc5+ Kb6 {...Rh3 is the strong threat.} 60. Rg5 {The position is equal.} Rh6 61. Re5 Rc7 62. Kf4 Rh3 63. Re6+ Rc6 64. Re7 Ka6 65. Rf7 b6 66. Kg5 Kb5 67. f4 Kc4 68. f5 gxf5 69. gxf5 Rh1 70. Rd7 Rg1+ 71. Kf4 Rh6 72. Rd4+ Kb5 73. f6 Rh5 74. Rd2 Rf1+ 75. Rf2 Rh4+ 76. Kg5 Rxf2 77. Nxf2 {Precision: White = 66%, Black = 53%.} 1/2-1/2